000 00897cam a22003017a 4500
003 CHAP
005 20220817042625.0
008 971013s1968 r 00010 d
010 _a50205
011 _a51177
035 _a55327
040 _cCHAP
082 _a581.194
_bP5
100 0 0 _aPilet, Paul-Emile.
_988069
245 1 3 _aLe catabolisme auxinique
260 _aParis :
_bMasson,
_c1968
300 _a148 p.
_b: ilus.
490 0 _aMonographies de physiologie végétale
_v; 1
590 _aBATCH-UPD
_b10
_c20130110
_lUCH01
_h0441
590 _aBATCH-UPD
_b10
_c20130110
_lUCH01
_h2132
590 _aCONVERSION
_b10
_c20130109
_lUCH01
_h1327
650 1 4 _aAuxinas.
_98437
700 0 _aGaspar, Thomas.
_947231
830 0 _aMonographies de physiologie vegetale
_v; 1
901 _aBK
942 _cLIBRO
949 _a581.194 P5
_bBC
_cLIBRO
_d33724000452520
_eLIBRO
_h13817
_i55327
_si
_t90.00
999 _c50205
_d50205